Waltz with Amormio / (Record no. 109428)
[ view plain ]
| 000 -LEADER | |
|---|---|
| fixed length control field | 00333nam a2200133 a 4500 |
| 005 - DATE AND TIME OF LATEST TRANSACTION | |
| control field | 20140414093843.0 |
| 008 - FIXED-LENGTH DATA ELEMENTS--GENERAL INFORMATION | |
| fixed length control field | 090415s19uu xx uuu eng d |
| 050 ## - LIBRARY OF CONGRESS CALL NUMBER | |
| Classification number | CD 780 |
| Item number | WAL 20-- |
| 100 ## - MAIN ENTRY--PERSONAL NAME | |
| Personal name | Cillan, Amormio, Jr. |
| 245 ## - TITLE STATEMENT | |
| Title | Waltz with Amormio / |
| Statement of responsibility, etc | Amormio Cillan, Jr. |
| 650 ## - SUBJECT ADDED ENTRY--TOPICAL TERM | |
| Topical term or geographic name as entry element | Waltz. |
| 942 ## - ADDED ENTRY ELEMENTS (KOHA) | |
| Koha item type | Audio Visual Materials |
| Withdrawn status | Lost status | Damaged status | Home library | Current library | Shelving location | Date acquired | Source of acquisition | Total Checkouts | Full call number | Barcode | Date last seen | Price effective from | Koha item type |
|---|---|---|---|---|---|---|---|---|---|---|---|---|---|
| Luxembourg Library | Luxembourg Library | Audio Visual Material Section | 04/15/2009 | CD 780 WAL 20-- | AV1069 | 04/14/2014 | 04/14/2014 | Audio Visual Materials |